New perspectives on property law, human rights and the family home (Record no. 103086)

MARC details
000 -LEADER
fixed length control field 02782cam a2200637 4500
008 - FIXED-LENGTH DATA ELEMENTS--GENERAL INFORMATION
fixed length control field 030922n2003 000 0 eng u
020 ## - INTERNATIONAL STANDARD BOOK NUMBER
International Standard Book Number 1859418430
035 ## - SYSTEM CONTROL NUMBER
System control number (Sirsi) u123673
041 ## - LANGUAGE CODE
Language code of text/sound track or separate title eng
050 ## - LIBRARY OF CONGRESS CALL NUMBER
Classification number 346.4204
-- 21
050 ## - LIBRARY OF CONGRESS CALL NUMBER
Classification number 346.04
-- 18
245 ## - TITLE STATEMENT
Title New perspectives on property law, human rights and the family home
260 ## - PUBLICATION, DISTRIBUTION, ETC.
Place of publication, distribution, etc. London
Name of publisher, distributor, etc. Cavendish
Date of publication, distribution, etc. 2003
300 ## - PHYSICAL DESCRIPTION
Extent xvi, 334p.
Dimensions 24cm.
350 ## - PRICE (NR) (BK AM CF MU VM SE) [OBSOLETE]
Price 33
505 ## - FORMATTED CONTENTS NOTE
Formatted contents note Equity, individualisation and social justice: towards a new law of the home
505 ## - FORMATTED CONTENTS NOTE
Formatted contents note Family law and property law: competing spheres in the regulation of the family home
505 ## - FORMATTED CONTENTS NOTE
Formatted contents note Rights in the family home - time for a conceptual revolution
505 ## - FORMATTED CONTENTS NOTE
Formatted contents note Rethinking Rosset from a human rights perspective
505 ## - FORMATTED CONTENTS NOTE
Formatted contents note A leonine partnership: marriage, undue influence and the family home
505 ## - FORMATTED CONTENTS NOTE
Formatted contents note Land law and the creation of disability
505 ## - FORMATTED CONTENTS NOTE
Formatted contents note The valuation of co-owners' interests in capital and means-tested benefits: half the value or the value of half?
505 ## - FORMATTED CONTENTS NOTE
Formatted contents note Human rights and obligations of confidentiality in the private sphere: "A v B plc" in the Court of Appeal
505 ## - FORMATTED CONTENTS NOTE
Formatted contents note State intervention and private property rights in Victorian England
505 ## - FORMATTED CONTENTS NOTE
Formatted contents note Missed or misguide? Formality, land contracts and the Statute of Frauds
505 ## - FORMATTED CONTENTS NOTE
Formatted contents note Looking at covenants positively, for a change
505 ## - FORMATTED CONTENTS NOTE
Formatted contents note How poor law rights were lost but Victorian values survived: a reconsideration of some of the hidden values of welfare provision
505 ## - FORMATTED CONTENTS NOTE
Formatted contents note Property and obligations: continental and comparative perspectives
505 ## - FORMATTED CONTENTS NOTE
Formatted contents note Rapporteur's overview: differentiation in property law
520 ## - SUMMARY, ETC.
Summary, etc. This collection of essays considers the fundamental concepts of property and obligation in law. The essays are divided into three sections: property and obligations in relation to the family home; communities, human rights and the built environment; and historical and contextual perspectives on private property rights.
650 ## - SUBJECT ADDED ENTRY--TOPICAL TERM
Topical term or geographic name entry element HUMAN RIGHTS
650 ## - SUBJECT ADDED ENTRY--TOPICAL TERM
Topical term or geographic name entry element LAND LAW
650 ## - SUBJECT ADDED ENTRY--TOPICAL TERM
Topical term or geographic name entry element PROPERTY LAW
650 ## - SUBJECT ADDED ENTRY--TOPICAL TERM
Topical term or geographic name entry element HOUSING LAW
650 ## - SUBJECT ADDED ENTRY--TOPICAL TERM
Topical term or geographic name entry element PROPERTY RIGHTS
650 ## - SUBJECT ADDED ENTRY--TOPICAL TERM
Topical term or geographic name entry element FAMILY HOMES
690 ## - LOCAL SUBJECT ADDED ENTRY--TOPICAL TERM (OCLC, RLIN)
Topical term or geographic name as entry element PROPERTY
700 ## - ADDED ENTRY--PERSONAL NAME
Personal name Hudson, Alastair
International Standard Serial Number Editor
700 ## - ADDED ENTRY--PERSONAL NAME
Personal name Barlow, Anne
700 ## - ADDED ENTRY--PERSONAL NAME
Personal name Barr, Warren
700 ## - ADDED ENTRY--PERSONAL NAME
Personal name Chappelle, Diane
700 ## - ADDED ENTRY--PERSONAL NAME
Personal name Charlesworth, Lorie
700 ## - ADDED ENTRY--PERSONAL NAME
Personal name Edmunds, Rod
700 ## - ADDED ENTRY--PERSONAL NAME
Personal name Glover-Thomas, Nicola
700 ## - ADDED ENTRY--PERSONAL NAME
Personal name Griffiths, Gerwyn
700 ## - ADDED ENTRY--PERSONAL NAME
Personal name Hiram, Hilary
700 ## - ADDED ENTRY--PERSONAL NAME
Personal name Mair, Jane
700 ## - ADDED ENTRY--PERSONAL NAME
Personal name Lawson, Anna
700 ## - ADDED ENTRY--PERSONAL NAME
Personal name Phillipson, Gavin
700 ## - ADDED ENTRY--PERSONAL NAME
Personal name Probert, Rebecca
700 ## - ADDED ENTRY--PERSONAL NAME
Personal name Samuel, Geoffrey
700 ## - ADDED ENTRY--PERSONAL NAME
Personal name Stebbings, Chantal
700 ## - ADDED ENTRY--PERSONAL NAME
Personal name Wikeley, Nick
700 ## - ADDED ENTRY--PERSONAL NAME
Personal name Wong, Simone
942 ## - ADDED ENTRY ELEMENTS (KOHA)
Suppress in OPAC 0
Holdings
Withdrawn status Lost status Source of classification or shelving scheme Damaged status Not for loan Home library Current library Shelving location Date acquired Cost, normal purchase price Total Checkouts Full call number Barcode Date last seen Copy number Cost, replacement price Price effective from Koha item type
    Other/Generic Classification Scheme     London London Books 19/11/2003 33.00   346.04 HUD 30068832 06/08/2019 1 33.00 06/08/2019 Book